Kluby z najmniejszych miejscowości w Ekstraklasie - Statystyki

Ogólne statystyki
  • Ten quiz został rozwiązany 395 razy
  • Średni wynik to 3 z 8
Statystyki odpowiedzi
Ludność Odpowiedź % Poprawnych
723 Bruk-Bet Termalica Nieciecza
96%
11 293 Amica Wronki
52%
19 167 Górnik Łęczna
46%
14 595 Dyskobolia Grodzisk Wielkopolski
35%
16 798 Ruch Radzionków
20%
8 037 Sokół Pniewy
19%
22 504 Górnik Polkowice
18%
17 861 Górnik Radlin
9%
Nie znaleziono quizów pasujących do podanych kryteriów
Rozkład punktacji
Procent ludzi z każdym wynikiem
Percentyl według liczby udzielonych odpowiedzi
Twoja historia wyników
Nie rozwiązałeś tego quizu